harry potter spells - Statistics

General Stats
  • This quiz has been taken 67 times
    36 since last reset
  • The average score is 11 of 15
Answer Stats
Hint Answer % Correct
used to open doors alohomora
100%
used to kill a person avada kedavra
100%
to summon an object to the caster accio
96%
to torture someone crucio
96%
light from a persons wand lumos
96%
to discard a wand from an others hand expelliarmus
88%
a spell used to repair objects reparo
88%
used to control a persons mind imperio
77%
produces a jet of water from the casters wand aguamenti
73%
a deadly spell that injures a person and may even kil them sectum sempra
73%
puts the victim in an unconcious state stupefy
73%
makes someone confused confundo
65%
it creates a flock of birds avis
27%
magiccaly locks a door colloportus
19%
it makes invisible ink appear aparecium
12%
No matching quizzes found
Score Distribution
Percent of People with Each Score
Percentile by Number Answered
Your Score History
You have not taken this quiz since the last reset